Statistiques concernant Logos d'équipes nationales de rugby.

Cliquez ici pour prendre le quiz!

Statistiques générales

  • Ce quiz a été pris 1 170 fois
    (150 depuis la dernière actualisation)
  • Le résultat moyen est 17 sur 24

Statistiques - réponses

LogosNation% Correct
Nouvelle-Zélande
100%
Irlande
99%
Angleterre
98%
France
98%
Italie
97%
Afrique du Sud
96%
Australie
96%
Ecosse
95%
Fidji
85%
Argentine
84%
Canada
84%
Pays de Galles
82%
Japon
80%
Etats-Unis
75%
Portugal
65%
Géorgie
58%
Tonga
58%
Samoa
52%
Namibie
49%
Uruguay
48%
Roumanie
42%
Chili
38%
Espagne
38%
Hong Kong
17%

Distribution des résultats

Percentile par nombre de réponses

% des personnes avec chaque résultat

Votre développement - résultats

Vous n’avez pas pris ce quiz depuis la dernière actualisation